| 000 | 00703nam a2200217 a 4500 | ||
|---|---|---|---|
| 999 |
_c6926 _d6926 |
||
| 001 | 6926 | ||
| 003 | BD-JhCC | ||
| 005 | 20180422090853.0 | ||
| 008 | 170930s1991 bg |||| ||a| 000 0 ben d | ||
| 035 | _a(BD-JhCC)6926 | ||
| 040 |
_aBD-JhCC _dBD-JhCC |
||
| 041 | _aben | ||
| 082 |
_a297.18 _bRAS 1991 |
||
| 100 | _aরশীদ, মোহাম্মদ মামুনুর | ||
| 245 |
_aবায়ানুল বাকী / _cমোহাম্মদ মামুনুর রশীদ |
||
| 260 |
_aঢাকা : _bসেরহিন্দ প্রকাশন ; _c1991. |
||
| 300 |
_a80 p. : _c22 cm. |
||
| 650 | _aThe Prophet Muhmmad (SM) | ||
| 942 |
_2ddc _cBK |
||